000 00358pab a2200157 454500
008 180718b2009 xxu||||| |||| 00| 0 eng d
100 _aGoldemberg, Jose
245 _aNuclear energy in developing countries
260 _c2009
300 _ap.71-80.
362 _aFall
650 _aNuclear energy
773 _aDaedalus
908 _aN
909 _a84553
999 _c84553
_d84553